| 000 | 00880nam a22002177a 4500 | ||
|---|---|---|---|
| 003 | urs | ||
| 005 | 20230620130559.0 | ||
| 008 | 230620b |||||||| |||| 00| 0 eng d | ||
| 100 |
_94766 _aLagman, Ma. Chrischaine B. _eauthor |
||
| 245 |
_aFinancial record-keeping practices of micro-enterprises in Barangay Tatala Binangonan, Rizal calendar year 2022 _cMa. Chrischaine B. Lagman, Marinelle F. Blanquisco, John Carlo N. Perales |
||
| 260 | _c2022 | ||
| 300 |
_axiv, 109 leaves _c28 cm |
||
| 336 |
_2rdacontent _atext |
||
| 337 |
_2rdamedia _aunmediated |
||
| 338 |
_2rdacarrier _avolume |
||
| 502 |
_aUndergraduate Thesis _bBachelor of Science in Accountancy _cUniversity of Rizal System Binangonan _d2022 |
||
| 504 | _aIncludes bibliographical references. | ||
| 700 |
_94767 _aBlanquisco, Marinelle F. _eauthor |
||
| 700 |
_94768 _aPerales, John Carlo N. _eauthor |
||
| 942 |
_2lcc _cT |
||
| 999 |
_c69315 _d69314 |
||